LEADER 01415nam0 2200325 450 001 000019178 005 20060705094306.0 010 $a90-6605-768-8 011 $a0567-7572 100 $a20060705d1996----km-y0itaa50------ba 101 0 $aeng 102 $aNL 200 1 $a13. International symposium on horticultural economics$eAugust 4-9, 1996 Rutgers, the State University of New Jersey, New Brunswick, New Jersey, USA$fconvenor R. G. Brumfield$gsponsor organizations Farm Foundation...[et al.] 210 $aWageningen (NL)$cInternational society for horticultural science$d1996 215 $aXVIII, 600 p.$d24 cm 225 2 $aActa horticulturae$v429 410 1$12001$aActa horticulturae$v429 606 1 $aOrticoltura$xCongressi 676 $a635$v(21. ed.)$9Orticoltura 702 1$aBrumfield,$bR. G. 710 12$aInternational symposium on horticutural economics$d<13.$f; 1996$e; Rutgers, The State University of New Jersey, New Brunswick, New Jersey, USA>$0442964 712 02$aFarm foundation 801 0$aIT$bUniversità della Basilicata - B.I.A.$gRICA$2unimarc 912 $a000019178 996 $a13. International symposium on horticultural economics$987102 997 $aUNIBAS BAS $aAGRARIA CAT $aSTD044$b01$c20060705$lBAS01$h0943 FMT Z30 -1$lBAS01$LBAS01$mBOOK$1BASA2$APolo Tecnico-Scientifico$2DID$BDidattica$3PTS$680259$5A80259$820060705$f98$FConsultazione LEADER 00833nas 2200277zu 450 001 9911063044503321 005 20260213075827.0 011 $a3109-7294 035 $a(CKB)45287976200041 035 $a(EXLCZ)9945287976200041 100 $a20260213cuuuuuuuu || | 101 0 $aeng 135 $aur||||||||||| 200 00$aJournal of Islamic Civilization and Culture Review 210 $aIndonesia: $cFoundation of Advanced Education (Foundae) 311 08$a3109-7308 610 0$aislamic civilization 610 0$aislamic culture 610 0$aislamic studies 610 0$aislamic history 610 0$aislamic govermen and societies. 610 0$aislamic thought and philosophy 906 $aJOURNAL 912 $a9911063044503321 996 $aJournal of Islamic Civilization and Culture Review$94542685 997 $aUNINA